| 000 | 00445cam a2200157 a 4500 | ||
|---|---|---|---|
| 001 | 000001020 | ||
| 005 | 20200929145452.0 | ||
| 008 | 741115s1955 mx 000 0 spa | ||
| 040 |
_aDO-SdBNP _bspa _cBNPHU |
||
| 082 |
_a460 _bM425e, 1955 |
||
| 100 | 1 |
_aMateos, Agustín. _93538 |
|
| 245 | 1 | 0 |
_aEtimologías latinas del español / _cAgustín Mateos. |
| 250 | _a6a ed. | ||
| 260 |
_aMéxico : _bEsfinge, _c1955. |
||
| 650 | 4 |
_aEspañol _xEtimología _93539 |
|
| 999 |
_c999 _d999 |
||